000 00569nam a2200205Ia 4500
003 OSt
005 20140320141330.0
008 140130s9999 xx 000 0 und d
020 _a0439163579
050 _aLB 1573.7
_b.B44 2001
100 _aBeech, Linda ward
245 _cLinda Ward Beech.
_aShort reading passages & graphic organizers to build comprehension :
_bgrades 4-5 /
260 _bScholastic,
_c2001.
_aNew York :
300 _a48 p. :
_bill. ;
_c26 cm.
440 _v1
942 _cBK
_2lcc
999 _c41872
_d41872